| 000 | 00515nam a2200193 a 4500 | ||
|---|---|---|---|
| 001 | 17174 | ||
| 005 | 20180713210257.0 | ||
| 008 | 140415s1983 sp 000 0 spa d | ||
| 041 | _aspa | ||
| 082 |
_a320.1 _bDAL |
||
| 100 | 1 | _aDALMASSO, GIANFRANCO | |
| 245 | 1 | 3 | _aLA POLITICA DE LO IMAGINARIO ROUSSEAU |
| 250 | _a1a ed. | ||
| 260 |
_aESPAÑA : _bEDICIONES ENCUENTRO, _c1983 |
||
| 300 | _a152 | ||
| 490 | _aENSAYOS: 11 | ||
| 650 | 1 | 4 | _aCIENCIAS POLITICAS |
| 700 | 1 |
_aPALACIOS MORE, RENE _etr. |
|
| 999 |
_c17174 _d17174 |
||